[Event "Trenton (Mar)"]
[Site "?"]
[Date "1993.??.??"]
[Round "?"]
[White "Jordan, Willie"]
[Black "Vaughn, Gerald"]
[Result "0-1"]
[WhiteElo "1800"]
[BlackElo "1605"]
[PlyCount "80"]
[EventDate "1993.??.??"]

1. e4 c5 2. Nf3 Nc6 3. d4 cxd4 4. Nxd4 Nf6 5. Nc3 g6 6. f3 Bg7 7. Be3 a6 8. Qd2
O-O 9. g4 Nxd4 10. Bxd4 h6 11. h4 Qc7 12. Be3 Qg3+ 13. Bf2 Qxf3 14. Rh3 Qxg4
15. Rg3 Qe6 16. Bh3 Qc6 17. Bg2 e5 18. Be3 Nh5 19. Nd5 Re8 20. Rf3 Nf4 21.
O-O-O Nxg2 22. Qxg2 d6 23. Rdf1 Be6 24. Nf6+ Bxf6 25. Rxf6 Bxa2 26. Qd2 Bc4 27.
R1f2 Qxe4 28. b3 Qh1+ 29. Kb2 Be6 30. Qxd6 Rad8 31. Qb6 Rd7 32. Bxh6 Qxh4 33.
Qe3 Qd4+ 34. c3 Qxe3 35. Bxe3 Kg7 36. Bg5 Rh8 37. c4 Rh5 38. Be3 Rf5 39. R6xf5
Bxf5 40. Kc3 Rd3+ 0-1

[Event "Ann Arbor (HV Mini)"]
[Site "?"]
[Date "1993.??.??"]
[Round "?"]
[White "Jordan, Willie"]
[Black "Brattin, Vincent"]
[Result "0-1"]
[WhiteElo "1800"]
[BlackElo "2030"]
[PlyCount "44"]
[EventDate "1993.??.??"]

1. e4 c6 2. d4 d5 3. e5 Bf5 4. Nf3 e6 5. Bd3 Bg6 6. O-O Ne7 7. c4 dxc4 8. Bxc4
Bh5 9. Be3 Nd7 10. Nbd2 Nb6 11. Bd3 Ned5 12. a3 Be7 13. Qc2 Bg6 14. Ne4 O-O 15.
Bg5 Bxg5 16. Nfxg5 Nf4 17. Nf3 Nxd3 18. Qxd3 Qd5 19. Rfe1 Rfd8 20. Rad1 Na4 21.
Re2 Nc5 22. Nc3 Bxd3 0-1

[Event "Gaylord (NMO/4/17)"]
[Site "?"]
[Date "1993.??.??"]
[Round "?"]
[White "Jones, W."]
[Black "Zuniga, Jesus"]
[Result "1/2-1/2"]
[WhiteElo "1605"]
[BlackElo "1605"]
[PlyCount "50"]
[EventDate "1993.??.??"]

{4/(17)} 1. e4 c5 2. d4 cxd4 3. c3 dxc3 4. Nxc3 d6 5. Nf3 e5 6. Bc4 h6 7. O-O
Nf6 8. Nd5 Be6 9. b3 Nxd5 10. Bxd5 Bxd5 11. Qxd5 Qc7 12. Be3 Qc6 13. Qd3 Be7
14. Rfc1 Qd7 15. Rc3 O-O 16. Qd2 Kh7 17. Rac1 Nc6 18. a3 f5 19. Qd5 Rac8 20.
Kf1 f4 21. Bxa7 Nxa7 22. Nxe5 Qd8 23. Nf7 Qd7 24. Ne5 Qd8 25. Nf7 Qd7 1/2-1/2

[Event "Gaylord (NMO/2/18)"]
[Site "?"]
[Date "1993.??.??"]
[Round "?"]
[White "Jones, W."]
[Black "Worley, Ron"]
[Result "1-0"]
[WhiteElo "1605"]
[BlackElo "1605"]
[PlyCount "31"]
[EventDate "1993.??.??"]

{2/(18)} 1. e4 e5 2. Nc3 Nf6 3. f4 Nc6 4. fxe5 Nxe5 5. d4 Nc6 6. e5 Ng8 7. Nf3
Bb4 8. Bc4 Nge7 9. O-O O-O 10. Ng5 d5 11. Bd3 h6 12. Qh5 Bf5 13. Bxf5 Nxf5 14.
Rxf5 g6 15. Qxh6 gxf5 16. Qh7# 1-0

[Event "Troy (TCC/B/1b/6)"]
[Site "?"]
[Date "1993.??.??"]
[Round "?"]
[White "Jointer, William"]
[Black "Sukcharoenphon, T."]
[Result "0-1"]
[WhiteElo "1720"]
[BlackElo "1900"]
[PlyCount "85"]
[EventDate "1993.??.??"]

1. e4 e5 2. Nf3 Nc6 3. Bc4 d6 4. d4 Bg4 5. h3 Bxf3 6. gxf3 Nxd4 7. c3 Ne6 8.
Qb3 Qc8 9. Be3 Nf6 10. Nd2 Be7 11. O-O-O O-O 12. Rdg1 Kh8 13. h4 c6 14. h5 h6
15. Bxe6 Qxe6 16. Qxe6 fxe6 17. f4 exf4 18. Bxf4 e5 19. Be3 d5 20. f4 Nd7 21.
fxe5 Nxe5 22. Bd4 Bf6 23. Rg3 Rae8 24. exd5 cxd5 25. a3 Bg5 26. Kc2 Nc6 27. Bc5
Rf5 28. Nf3 b6 29. Bd4 Nxd4+ 30. Nxd4 Rf2+ 31. Kb3 Bf6 32. Rhg1 Bxd4 33. cxd4
Re7 34. R1g2 Rxg2 35. Rxg2 Re4 36. Kc3 Rh4 37. Re2 Rxh5 38. Re5 Rxe5 39. dxe5
g5 40. e6 Kg7 41. Kd4 Kf6 42. Kxd5 Ke7 43. Ke5 {[0-1,49?]} 0-1

[Event "Troy (TCC/B/3/10)"]
[Site "?"]
[Date "1993.??.??"]
[Round "?"]
[White "Jointer, William"]
[Black "Stanulis, T."]
[Result "0-1"]
[WhiteElo "1720"]
[BlackElo "1605"]
[PlyCount "84"]
[EventDate "1993.??.??"]

{3/(10)} 1. e4 c5 2. Nf3 d6 3. d4 cxd4 4. Nxd4 Nf6 5. Nc3 a6 6. Bc4 b5 7. Bb3
Bb7 8. f3 e6 9. Be3 Qc7 10. O-O Be7 11. Bxe6 fxe6 12. Nxe6 Qc8 13. Nxg7+ Kf7
14. Nf5 Rd8 15. f4 Bxe4 16. Nxe4 Qxf5 17. Qd3 Qxe4 18. Qb3+ Qc4 19. Qa3 d5 20.
Qa5 Nc6 21. Qd2 d4 22. Bf2 Bb4 23. Qd1 d3 24. c3 Bc5 25. Qf3 Rd7 26. b3 Bxf2+
27. Rxf2 Qxc3 28. Rff1 Rad8 29. Rac1 Qd4+ 30. Kh1 Nb4 31. a3 Nc2 32. Rfd1 Nxa3
33. Rd2 Qb4 34. Rcd1 Qxb3 35. h3 Nc4 36. Rf2 Qa4 37. Rff1 d2 38. g4 Rd3 39. Qe2
Ne3 40. f5 Qe4+ 41. Kg1 Nxd1 42. Qxd1 Rg3+ 0-1

[Event "Troy (TCC/B/4/10)"]
[Site "?"]
[Date "1993.??.??"]
[Round "?"]
[White "Jointer, William"]
[Black "Snuske, R."]
[Result "1-0"]
[WhiteElo "1720"]
[BlackElo "1605"]
[PlyCount "123"]
[EventDate "1993.??.??"]

{4/(10)} 1. e4 e5 2. Nf3 Nc6 3. Bc4 Nd4 4. c3 Nxf3+ 5. Qxf3 Qf6 6. Qe3 b6 7. d4
exd4 8. cxd4 Bb4+ 9. Nc3 Nh6 10. e5 Qe7 11. Qf3 Bxc3+ 12. bxc3 Rb8 13. O-O Bb7
14. Qg3 Nf5 15. Qg4 g6 16. Bg5 Qf8 17. Bf6 Nh6 18. Qe2 Rg8 19. d5 Nf5 20. e6
fxe6 21. Bg5 Qd6 22. dxe6 h6 23. exd7+ Kxd7 24. Rad1 hxg5 25. Rxd6+ Nxd6 26.
Qe6+ Kc6 27. Qd5+ Kd7 28. Qe6+ Kc6 29. Bd5+ Kc5 30. Bxb7 Nxb7 31. Qe5+ Kc6 32.
Qe4+ Kd7 33. Rd1+ Nd6 34. Qg4+ Kc6 35. Qxg5 Rbe8 36. Qd5+ Kd7 37. g3 Re6 38.
Qb5+ Kc8 39. Qc6 Kb8 40. a4 a5 41. c4 Rge8 42. c5 Re1+ 43. Rxe1 Rxe1+ 44. Kg2
Rc1 45. Qd5 Rxc5 46. Qg8+ Kb7 47. Qxg6 b5 48. Qg4 b4 49. Qd4 Kb6 50. h4 Kc6 51.
g4 Rc4 52. Qd1 Ne4 53. Qd3 Kc5 54. h5 Nc3 55. Qf5+ Nd5 56. h6 Rf4 57. Qd7 Rf6
58. g5 Rb6 59. Qf5 c6 60. h7 b3 61. h8=Q Kc4 62. Qe4+ 1-0

[Event "Ann Arbor (HVA/4/2)"]
[Site "?"]
[Date "1993.??.??"]
[Round "?"]
[White "Jointer, William"]
[Black "Smith, Mike A"]
[Result "1-0"]
[WhiteElo "1760"]
[BlackElo "1905"]
[PlyCount "109"]
[EventDate "1993.??.??"]

{4/(2)} 1. e4 c6 2. d4 d5 3. exd5 cxd5 4. c4 Nf6 5. Nc3 e6 6. Nf3 Nc6 7. Bg5
Be7 8. cxd5 exd5 9. Bd3 Bg4 10. O-O Nxd4 11. Qa4+ Nc6 12. Bxf6 Bxf3 13. Bxe7
Kxe7 14. gxf3 h5 15. Qb5 Ne5 16. Rfe1 f6 17. f4 Kf8 18. fxe5 fxe5 19. Rxe5 Rh6
20. Rf5+ Rf6 21. Qxd5 Qc8 22. Bc4 Qxf5 23. Qg8+ Ke7 24. Qxg7+ Kd8 25. Rd1+ Kc8
26. Qg8+ Kc7 27. Qg3+ Kc8 28. Qg8+ Kc7 29. Nd5+ Kc6 30. Ne7+ Kb6 31. Nxf5 Rxg8+
32. Bxg8 Rxf5 33. Rd5 Rf4 34. Rg5 Rh4 35. Kg2 Rd4 36. b3 Rd3 37. h3 Rd2 38. a4
Rd8 39. Bc4 Rh8 40. Kg3 a5 41. f4 Kc6 42. Kf3 h4 43. Kg4 b6 44. f5 Rf8 45. Rg6+
Kd7 46. Rxb6 Rg8+ 47. Bxg8 Ke7 48. Kxh4 Kf8 49. Be6 Kg7 50. Kg5 Kh8 51. f6 Kh7
52. f7 Kg7 53. Rb8 Kh7 54. h4 Kg7 55. Rg8+ 1-0

[Event "Ann Arbor (HVA/2/1)"]
[Site "?"]
[Date "1993.??.??"]
[Round "?"]
[White "Jointer, William"]
[Black "Skidmore, Jennifer"]
[Result "1-0"]
[WhiteElo "1760"]
[BlackElo "1940"]
[PlyCount "73"]
[EventDate "1993.??.??"]

{2/(1)} 1. e4 e5 2. Nf3 d6 3. h3 Nf6 4. Nc3 Be7 5. Bc4 O-O 6. d4 exd4 7. Nxd4
c6 8. Be3 b5 9. Bd3 a6 10. O-O c5 11. Nf5 Bxf5 12. exf5 Nc6 13. Qf3 Ne5 14. Qg3
Nh5 15. Qh2 Nxd3 16. cxd3 d5 17. d4 Bd6 18. g3 cxd4 19. Bxd4 Qg5 20. Qg2 Rad8
21. Be3 Qf6 22. Rad1 Bb8 23. Nxd5 Qxb2 24. Rd2 Qe5 25. Rfd1 h6 26. Qf3 Nf6 27.
Nxf6+ Qxf6 28. Bd4 Qg5 29. h4 Qe7 30. Qg4 f6 31. Bc5 Qxc5 32. Rxd8 Ba7 33. Qe2
Qxf5 34. R1d5 Qh3 35. Rxf8+ Kxf8 36. Rd8+ Kf7 37. Qe8# 1-0

[Event "East Lansing (MOR/4/5)"]
[Site "?"]
[Date "1993.??.??"]
[Round "?"]
[White "Jointer, William"]
[Black "Ruhlmann, Max"]
[Result "0-1"]
[WhiteElo "1715"]
[BlackElo "1795"]
[PlyCount "100"]
[EventDate "1993.??.??"]

{4/(5)} 1. e4 c5 2. Nf3 d6 3. d4 cxd4 4. Nxd4 Nf6 5. Nc3 a6 6. Bc4 e6 7. Bg5
Be7 8. f4 Qc7 9. Bb3 b5 10. Qd2 b4 11. Nce2 Nxe4 12. Qxb4 Nxg5 13. fxg5 Bxg5
14. O-O O-O 15. Rf2 Be3 16. Raf1 Bxf2+ 17. Rxf2 Nc6 18. Qc3 Bd7 19. Ba4 Rac8
20. Bb3 Nxd4 21. Qxd4 Qc5 22. Qh4 Qa5 23. c3 Rc5 24. Ng3 Qb6 25. Qd4 e5 26. Qh4
Be6 27. Bc2 g6 28. Ne4 Kg7 29. Nxc5 Qxc5 30. Qf6+ Kg8 31. a3 Qe3 32. Qf3 Qxf3
33. Rxf3 f5 34. b4 e4 35. Re3 Rc8 36. Kf1 d5 37. Bb3 f4 38. Rxe4 Rxc3 39. Rxe6
Rxb3 40. Rxa6 d4 41. Ra5 Kg7 42. b5 Kf6 43. Ra6+ Kf5 44. a4 Rb4 45. b6 Ke4 46.
Ke1 Ke3 47. Kd1 d3 48. Kc1 d2+ 49. Kc2 Rc4+ 50. Kb3 d1=Q+ 0-1

[Event "Flint (MI Senior/3)"]
[Site "?"]
[Date "1993.??.??"]
[Round "?"]
[White "Jointer, William"]
[Black "Rosebrook, G."]
[Result "1-0"]
[WhiteElo "1720"]
[BlackElo "1605"]
[PlyCount "111"]
[EventDate "1993.??.??"]

1. d4 Nf6 2. f3 e6 3. e4 c6 4. e5 Nd5 5. c4 Ne7 6. Bg5 d6 7. f4 Nd7 8. exd6
Qa5+ 9. Nc3 Nf5 10. a3 Bxd6 11. b4 Qc7 12. c5 Bxf4 13. Nf3 Bxg5 14. Nxg5 Qf4
15. Nf3 Nf6 16. Ne2 Qe3 17. Qd2 Ne4 18. Qxe3 Nxe3 19. Rc1 b6 20. Nc3 Nxc3 21.
Rxc3 Nd5 22. Rd3 Ba6 23. Rb3 b5 24. Ne5 Bb7 25. Rf3 f6 26. Ng4 O-O 27. Be2 Rae8
28. O-O Bc8 29. h3 h5 30. Ne3 Nc3 31. Bd3 Rd8 32. Nc2 Rd5 33. Bg6 Rg5 34. Bxh5
Ne2+ 35. Kf2 Rxh5 36. Kxe2 Rd5 37. Rf4 Rd7 38. g4 Rdf7 39. h4 g6 40. Kd3 Kg7
41. Ne3 Rd8 42. Kc3 e5 43. dxe5 Rdf8 44. exf6+ Rxf6 45. Rxf6 Rxf6 46. Rxf6 Kxf6
47. Kd4 Be6 48. g5+ Kg7 49. Ke4 Kf7 50. Nc2 Ke7 51. Nd4 Bd7 52. Kf4 Be8 53. Nf3
Bd7 54. Ne5 Be8 55. Ng4 Kf7 56. Ke5 1-0

[Event "East Lansing (MOR/2/11)"]
[Site "?"]
[Date "1993.??.??"]
[Round "?"]
[White "Jointer, William"]
[Black "Koernke, R."]
[Result "1/2-1/2"]
[WhiteElo "1715"]
[BlackElo "1605"]
[PlyCount "164"]
[EventDate "1993.??.??"]

{2/(11)} 1. d4 d5 2. Nc3 e6 3. e4 Bb4 4. a3 Bxc3+ 5. bxc3 dxe4 6. f3 exf3 7.
Nxf3 Ne7 8. Bd3 O-O 9. O-O Nbc6 10. Bxh7+ Kxh7 11. Ng5+ Kg6 12. Qg4 f5 13. Qg3
Kf6 14. Nh7+ Kf7 15. Nxf8 Kxf8 16. Bf4 Nd5 17. Bg5 Qd6 18. Qh3 Ke8 19. c4 Nde7
20. Rad1 Ng6 21. d5 exd5 22. Rxd5 Qf8 23. Re1+ Kf7 24. Rxf5+ Bxf5 25. Qxf5+ Kg8
26. Qxg6 Qxa3 27. Bf6 Qf8 28. Rf1 Qf7 29. Qg4 Rf8 30. Rf3 Nb8 31. Bd4 Qd7 32.
Rxf8+ Kxf8 33. Bxg7+ Qxg7 34. Qc8+ Ke7 35. Qxc7+ Nd7 36. Qxb7 Qd4+ 37. Kf1
Qxc4+ 38. Ke1 a5 39. Kd1 a4 40. Qf3 Ne5 41. Qb7+ Ke6 42. Qb6+ Kd5 43. Qd8+ Kc5
44. Qc7+ Kd4 45. Qd6+ Ke4 46. Qf8 Qd4+ 47. Kc1 Qg1+ 48. Kb2 Qd4+ 49. Ka3 Nc4+
50. Kxa4 Nd6+ 51. Kb3 Qb6+ 52. Ka2 Qa5+ 53. Kb1 Qb4+ 54. Kc1 Qe1+ 55. Kb2 Qb4+
56. Ka2 Qa4+ 57. Kb2 Qb4+ 58. Ka1 Qc3+ 59. Kb1 Qb4+ 60. Ka2 Qa4+ 61. Kb2 Qb4+
62. Kc1 Qe1+ 63. Kb2 Qb4+ 64. Ka2 Qa4+ 65. Kb1 Qb4+ 66. Ka1 Qa4+ 67. Kb2 Qb4+
68. Kc1 Qe1+ 69. Kb2 Qb4+ 70. Ka2 Qa4+ 71. Kb1 Qb4+ 72. Kc1 Qe1+ 73. Kb2 Qb4+
74. Ka2 Qa4+ 75. Kb1 Qb4+ 76. Ka1 Qd4+ 77. Kb1 Qb4+ 78. Kc1 Qe1+ 79. Kb2 Qb4+
80. Ka1 Qa4+ 81. Kb1 Qb4+ 82. Kc1 Qe1+ 1/2-1/2

[Event "Flint (MI Senior/1)"]
[Site "?"]
[Date "1993.??.??"]
[Round "?"]
[White "Jointer, William"]
[Black "Jackson, Don"]
[Result "1-0"]
[WhiteElo "1720"]
[BlackElo "1605"]
[PlyCount "37"]
[EventDate "1993.??.??"]

1. d4 d5 2. e4 dxe4 3. f3 exf3 4. Nxf3 Nf6 5. Bc4 h6 6. O-O e6 7. c3 Be7 8. Bf4
O-O 9. Nbd2 a6 10. Qe2 c6 11. Rae1 Nd5 12. Ne5 Bf6 13. Qg4 Nxf4 14. Rxf4 Bg5
15. Rf2 f5 16. Qh3 Qf6 17. Ne4 Qd8 18. Rxf5 Kh7 19. Nf7 1-0

[Event "Lansing (MI Am/1)"]
[Site "?"]
[Date "1993.??.??"]
[Round "?"]
[White "Jointer, William"]
[Black "Jackson, Don"]
[Result "1-0"]
[WhiteElo "1720"]
[BlackElo "1605"]
[PlyCount "67"]
[EventDate "1993.??.??"]

1. e4 c5 2. Nf3 Nc6 3. d4 cxd4 4. Nxd4 d6 5. Nc3 a6 6. Be3 Nf6 7. h3 Bd7 8. Qd2
e6 9. f4 Be7 10. g4 O-O 11. Be2 b5 12. g5 b4 13. Nxc6 Bxc6 14. gxf6 bxc3 15.
Qxc3 Bxe4 16. fxe7 Qxe7 17. Rg1 f6 18. Bd3 Rfc8 19. Qd2 Bf3 20. Qf2 Qb7 21. Qh4
f5 22. Bd4 Rc7 23. Kd2 Qd5 24. Bc3 e5 25. fxe5 dxe5 26. Qf6 Rf8 27. Qxe5 Qxe5
28. Bxe5 Rd7 29. Rg3 Bh5 30. Rag1 g6 31. Kc1 Kf7 32. Bxa6 Ke7 33. Re1 Kd8 34.
Rc3 1-0

[Event "Ann Arbor (HVA/1/17)"]
[Site "?"]
[Date "1993.??.??"]
[Round "?"]
[White "Jointer, William"]
[Black "Gregg, Ted"]
[Result "1-0"]
[WhiteElo "1760"]
[BlackElo "1605"]
[PlyCount "55"]
[EventDate "1993.??.??"]

{1/(17)} 1. d4 d5 2. e4 e6 3. Nc3 Bb4 4. e5 c5 5. a3 Bxc3+ 6. bxc3 Nc6 7. Qg4
g6 8. Nf3 Nge7 9. Bg5 Qc7 10. Bb5 Bd7 11. O-O O-O-O 12. Bxc6 Bxc6 13. Qh4 Rde8
14. Bf6 Nf5 15. Qf4 Rhg8 16. g4 Ng7 17. Qh6 Nf5 18. gxf5 gxf5+ 19. Kh1 Bb5 20.
Rg1 Rg6 21. Qxh7 Be2 22. Nh4 Rxg1+ 23. Rxg1 cxd4 24. Rg8 Bb5 25. Rxe8+ Bxe8 26.
Qg8 Kd7 27. Qf8 Qc8 28. Qd6# 1-0

[Event "East Lansing (MOR/6/10)"]
[Site "?"]
[Date "1993.??.??"]
[Round "?"]
[White "Jointer, William"]
[Black "Etienne, T."]
[Result "1-0"]
[WhiteElo "1715"]
[BlackElo "1605"]
[PlyCount "63"]
[EventDate "1993.??.??"]

{6/(10)} 1. e4 c6 2. d4 d5 3. e5 Bf5 4. f4 e6 5. Nf3 Nh6 6. h3 Be7 7. Ng5 f6 8.
exf6 Bxf6 9. g4 Bxg5 10. fxg5 Be4 11. Rh2 Nf7 12. h4 g6 13. Bd3 Bxd3 14. Qxd3
Nd7 15. Be3 Qe7 16. Nc3 O-O-O 17. O-O-O e5 18. dxe5 Ndxe5 19. Qd4 Nf3 20. Qxa7
Nxh2 21. Qa8+ Kd7 22. Qxb7+ Ke6 23. Qxc6+ Qd6 24. Qb5 Rb8 25. Qe2 Ne5 26. Rxd5
Qb4 27. Rxe5+ Kf7 28. Qf2+ Kg8 29. Qxh2 Qxb2+ 30. Kd2 Rd8+ 31. Rd5 Kf7 32. Qc7+
1-0

[Event "Eastpointe (EDO/1a/2)"]
[Site "?"]
[Date "1993.??.??"]
[Round "?"]
[White "Jointer, William"]
[Black "Dangremond, Leonard"]
[Result "1-0"]
[WhiteElo "1720"]
[BlackElo "2025"]
[PlyCount "83"]
[EventDate "1993.??.??"]

1. e4 e5 2. Nf3 Nc6 3. Bc4 Bc5 4. b4 Bxb4 5. c3 Be7 6. O-O Nf6 7. d4 exd4 8. e5
Ne4 9. cxd4 d5 10. exd6 Nxd6 11. Bd3 O-O 12. Nc3 Bg4 13. Re1 Bxf3 14. Qxf3 Nxd4
15. Qg4 Bf6 16. Bb2 g6 17. Rab1 Re8 18. Red1 Nc6 19. Bc2 Ne5 20. Qg3 Nec4 21.
Bc1 Qe7 22. Bh6 Bxc3 23. Qxc3 Qe5 24. Qf3 b5 25. Bf4 Qe2 26. Qxe2 Rxe2 27. Bb3
Rae8 28. Kf1 Kg7 29. Re1 Rxe1+ 30. Rxe1 Rxe1+ 31. Kxe1 c5 32. Ke2 Kf6 33. g4 g5
34. Bg3 a5 35. f4 gxf4 36. Bxf4 a4 37. Bc2 h6 38. Bxh6 a3 39. h4 b4 40. Bg5+
Kg7 41. h5 Nb5 42. h6+ 1-0

[Event "Eastpointe (EDO/4/4)"]
[Site "?"]
[Date "1993.??.??"]
[Round "?"]
[White "Jointer, William"]
[Black "Ball, Ed"]
[Result "0-1"]
[WhiteElo "1720"]
[BlackElo "2000"]
[PlyCount "158"]
[EventDate "1993.??.??"]

{4/(4)} 1. e4 g6 2. d4 Bg7 3. f4 d6 4. Nf3 c6 5. Bc4 b5 6. Bb3 a5 7. a3 Ba6 8.
O-O Qb6 9. c3 a4 10. Ba2 b4 11. axb4 Bxf1 12. Qxf1 Nh6 13. Nbd2 O-O 14. Nc4 Qb5
15. f5 d5 16. fxg6 dxc4 17. gxh7+ Kh8 18. Bxc4 Qh5 19. Be2 Qg6 20. e5 Nd7 21.
Bd3 Qh5 22. Be2 f6 23. Ng5 Qe8 24. Ne6 fxe5 25. Nxf8 Qxf8 26. Qxf8+ Bxf8 27.
dxe5 Nxe5 28. b3 a3 29. Bxa3 Kxh7 30. Bd1 Nhg4 31. Bc2+ Kg7 32. Bb2 Rxa1+ 33.
Bxa1 Kf6 34. c4 Ke6 35. Be4 Nf6 36. Bc2 Bh6 37. Bd4 Bd2 38. b5 cxb5 39. cxb5
Kd5 40. Bb2 Be3+ 41. Kf1 Bc5 42. h3 Ne4 43. g4 Nf3 44. Bd1 Nd4 45. b4 Bb6 46.
Kg2 Nxb5 47. Bb3+ Kd6 48. h4 Nd4 49. Bf7 e5 50. g5 Ke7 51. Bd5 Nd6 52. h5 N6f5
53. Bc1 Ne6 54. h6 Nf8 55. b5 Ne3+ 56. Bxe3 Bxe3 57. Kf3 Bxg5 58. b6 Bxh6 59.
Bc6 Kd6 60. b7 Kc7 61. Ke4 Bf4 62. Kf5 Nh7 63. Bd5 Ng5 64. Kg4 Kb8 65. Bc6 Ne6
66. Kf5 Nd8 67. Be4 Nxb7 68. Ke6 Nc5+ 69. Kd5 Nxe4 70. Kxe4 Kc7 71. Kd5 Kb6 72.
Kc4 Kc6 73. Kd3 Kd5 74. Ke2 e4 75. Kf2 Kd4 76. Ke2 Bg3 77. Kd2 e3+ 78. Ke2 Ke4
79. Kf1 Kf3 0-1

[Event "Lansing (MI Am/3)"]
[Site "?"]
[Date "1993.??.??"]
[Round "?"]
[White "Jointer, William"]
[Black "Aldrich, Jeff"]
[Result "1-0"]
[WhiteElo "1720"]
[BlackElo "1900"]
[PlyCount "95"]
[EventDate "1993.??.??"]

1. e4 c6 2. d4 d5 3. exd5 cxd5 4. c4 Nf6 5. Nc3 e6 6. Nf3 Nc6 7. Bg5 dxc4 8.
Bxc4 Be7 9. O-O O-O 10. Re1 a6 11. a3 b5 12. Bb3 Bb7 13. Qd3 h6 14. Bh4 b4 15.
Ne2 a5 16. Bc2 Ba6 17. Qd2 Rc8 18. Ng3 Nd5 19. Bxe7 Ncxe7 20. Ne5 Nc6 21. Rac1
Nxe5 22. Rxe5 Rc4 23. Ne4 Qc7 24. Nc5 Rxc5 25. Rxd5 Rc6 26. Rc5 Rxc5 27. dxc5
Rd8 28. Qe3 Qc6 29. Be4 Qa4 30. h3 bxa3 31. bxa3 Rd4 32. Bc2 Qd7 33. c6 Qd6 34.
c7 Qd7 35. Qb3 Kf8 36. Qc3 Rc4 37. Qxa5 Bb7 38. Rd1 Qxc7 39. Qxc7 Rxc7 40. Ba4
Bc6 41. Rc1 Ra7 42. Bxc6 Rxa3 43. Rd1 Ke7 44. Rd7+ Kf6 45. f3 h5 46. Rb7 Ra1+
47. Kh2 h4 48. Be8 $138 1-0

[Event "Gaylord (NMO/1/16)"]
[Site "?"]
[Date "1993.??.??"]
[Round "?"]
[White "Johnston, R."]
[Black "Ruelas, Erik"]
[Result "1-0"]
[WhiteElo "1745"]
[BlackElo "1605"]
[PlyCount "80"]
[EventDate "1993.??.??"]

{1/(16)} 1. b4 e5 2. Bb2 d6 3. e3 Nc6 4. a3 Bf5 5. c4 a6 6. Nf3 Nf6 7. Nc3 Be7
8. Rc1 Ne4 9. Nd5 Na7 10. d4 c6 11. Nxe7 Qxe7 12. dxe5 dxe5 13. Nxe5 Rd8 14.
Qf3 Bg6 15. Nxg6 fxg6 16. Qe2 Rd2 17. Qxd2 Nxd2 18. Kxd2 O-O 19. f3 Rd8+ 20.
Bd3 c5 21. bxc5 Qxc5 22. Bd4 Qxa3 23. Rc3 Qb2+ 24. Rc2 Qb4+ 25. Rc3 Nc6 26. Rb1
Qd6 27. c5 Qxh2 28. Bc4+ Kf8 29. Rxb7 Qxg2+ 30. Kd3 Nxd4 31. Rf7+ Ke8 32. exd4
Qf1+ 33. Ke4 Qe1+ 34. Re3 Qxe3+ 35. Kxe3 a5 36. Rxg7 a4 37. Rg8+ Ke7 38. Rxd8
Kxd8 39. Kf4 Ke7 40. Ke5 Kd7 1-0

[Event "Gaylord (NMO/3/3)"]
[Site "?"]
[Date "1993.??.??"]
[Round "?"]
[White "Johnston, R."]
[Black "Moody, David"]
[Result "0-1"]
[WhiteElo "1745"]
[BlackElo "2020"]
[PlyCount "40"]
[EventDate "1993.??.??"]

{3/(3)} 1. b4 f5 2. Bb2 e6 3. a3 Nf6 4. Nf3 Be7 5. e3 O-O 6. c4 b6 7. Nc3 Bb7
8. Be2 d6 9. O-O e5 10. Qb3 Qe8 11. Nd5 Nxd5 12. cxd5 Qf7 13. Bc4 Nd7 14. Qa2
Nf6 15. Ng5 Qh5 16. Ne6 Ng4 17. h3 Rf6 18. hxg4 fxg4 19. g3 Rh6 20. Rfe1 Qh1#
0-1

[Event "Gaylord (NMO/4/6)"]
[Site "?"]
[Date "1993.??.??"]
[Round "?"]
[White "Johnston, R."]
[Black "Brattin, Vincent"]
[Result "0-1"]
[WhiteElo "1745"]
[BlackElo "2015"]
[PlyCount "66"]
[EventDate "1993.??.??"]

{4/(6)} 1. b4 d5 2. Bb2 Nf6 3. Nf3 Bf5 4. e3 e6 5. a3 Be7 6. c4 O-O 7. Nc3 dxc4
8. Bxc4 c5 9. bxc5 Bxc5 10. O-O Bd3 11. Bxd3 Qxd3 12. Ne5 Qa6 13. d4 Be7 14.
Qd3 Qxd3 15. Nxd3 Nbd7 16. Rac1 a6 17. e4 Nb6 18. Ne5 Rac8 19. Rfd1 Rfd8 20. f4
Nc4 21. Nxc4 Rxc4 22. e5 Ng4 23. d5 Bc5+ 24. Kf1 Ne3+ 25. Ke2 Nxd1 26. Nxd1
Rxc1 27. Bxc1 Rxd5 28. Nc3 Rd7 29. Ne4 Be7 30. Ke3 Rd1 31. Bd2 Bxa3 32. Nd6
Bxd6 33. exd6 Rxd2 0-1

[Event "Flint (MEX/4)"]
[Site "?"]
[Date "1993.??.??"]
[Round "?"]
[White "Johnson, Roger"]
[Black "Koster, Ed"]
[Result "0-1"]
[WhiteElo "2080"]
[BlackElo "2100"]
[PlyCount "84"]
[EventDate "1993.??.??"]

1. d4 Nf6 2. Nf3 g6 3. c4 Bg7 4. g3 O-O 5. Bg2 d5 6. cxd5 Nxd5 7. e4 Nb6 8. Nc3
Nc6 9. d5 Na5 10. O-O c6 11. Qe2 cxd5 12. Nxd5 Nxd5 13. exd5 Qxd5 14. Qxe7 Qh5
15. Ng5 Nc6 16. Qa3 Nd4 17. Qe7 h6 18. Ne4 Nf3+ 19. Bxf3 Qxf3 20. Nd6 Bh3 21.
Qxb7 Qxb7 22. Nxb7 Bxf1 23. Kxf1 Rab8 24. Nd6 Bxb2 25. Bxb2 Rxb2 26. a4 Rfb8
27. Kg2 R8b4 28. Nb5 a5 29. Nc3 Rc2 30. Nd1 Re4 31. Ra3 Ree2 32. Rf3 Red2 33.
Ne3 Rc3 34. Kf1 Rd4 35. Rf6 Rxa4 36. h4 Ra2 37. Ra6 a4 38. Ra7 a3 39. Ng4 Rb2
40. Nxh6+ Kf8 41. Nxf7 Rf3 42. Ne5 Rfxf2+ 0-1

[Event "Flint (Class A/1)"]
[Site "?"]
[Date "1993.??.??"]
[Round "?"]
[White "Johnson, Henry"]
[Black "Skidmore, Jennifer"]
[Result "0-1"]
[WhiteElo "1800"]
[BlackElo "1900"]
[PlyCount "72"]
[EventDate "1993.??.??"]

1. Nf3 d6 2. d4 Nf6 3. e3 g6 4. Nbd2 Bg7 5. Bb5+ c6 6. Bd3 Bg4 7. h3 Bxf3 8.
Nxf3 Nbd7 9. Bd2 O-O 10. c4 Qc7 11. O-O Rad8 12. Qe2 e5 13. dxe5 dxe5 14. Bc2
Rfe8 15. b4 c5 16. b5 Nh5 17. e4 Nf8 18. Bg5 f6 19. Be3 Ne6 20. Bb3 Nd4 21.
Bxd4 exd4 22. Nd2 f5 23. Rae1 Nf4 24. Qf3 fxe4 25. Rxe4 Rf8 26. Rfe1 d3 27. Re7
Qa5 28. Qxb7 Bd4 29. Rd1 Qc3 30. Nf3 Bf6 31. Rxh7 Ne2+ 32. Kf1 Bg7 33. Ng5
Rxf2+ 34. Kxf2 Qd4+ 35. Ke1 Qg1+ 36. Kd2 Bc3# 0-1

[Event "Flint (Class A/3)"]
[Site "?"]
[Date "1993.??.??"]
[Round "?"]
[White "Johnson, Henry"]
[Black "Robbins, Fred"]
[Result "0-1"]
[WhiteElo "1800"]
[BlackElo "1945"]
[PlyCount "148"]
[EventDate "1993.??.??"]

1. Nf3 Nf6 2. d4 e6 3. c4 b6 4. Nc3 Bb7 5. Bg5 Be7 6. e3 h6 7. Bh4 O-O 8. Bd3
d5 9. O-O Nbd7 10. cxd5 exd5 11. Rc1 Rc8 12. Nb5 a6 13. Na7 Ra8 14. Nc6 Bxc6
15. Rxc6 Nb8 16. Rc1 Ra7 17. Ne5 c5 18. Qe2 c4 19. Bb1 b5 20. Qf3 Rc7 21. Qf5
Qc8 22. Qf3 Nbd7 23. Bf5 Qe8 24. Bg3 Qd8 25. Nxd7 Rxd7 26. Bxd7 Qxd7 27. b3 Ne4
28. Rc2 c3 29. Qh5 b4 30. Qe5 Rc8 31. f3 Bf6 32. Qh5 Nxg3 33. hxg3 Qe6 34. Kf2
Re8 35. Re1 Bxd4 36. Qh3 Bxe3+ 37. Kf1 d4 38. Qxe6 Rxe6 39. Rd1 h5 40. Rd3 Kf8
41. g4 hxg4 42. fxg4 Rg6 43. Ke2 Rxg4 44. Rxe3 Rxg2+ 45. Kd3 Rxc2 46. Kxd4 Rxa2
47. Rh3 Rd2+ 48. Ke5 c2 49. Rh8+ Ke7 50. Rc8 f6+ 51. Ke4 Kd7 52. Rc4 a5 53. Ke3
Rh2 54. Kd3 Rh3+ 55. Kd2 Rxb3 56. Rd4+ Ke6 57. Kxc2 Rc3+ 58. Kb2 Ke5 59. Rd7 g5
60. Ra7 Ra3 61. Re7+ Kf4 62. Rc7 f5 63. Rc4+ Kf3 64. Rc5 Kg4 65. Kc2 f4 66. Kd2
a4 67. Rc4 b3 68. Kc3 Kg3 69. Kb2 Ra2+ 70. Kb1 g4 71. Rc1 f3 72. Rg1+ Rg2 73.
Rf1 a3 74. Ka1 f2 0-1

[Event "Eastpointe (EDO/1b/12)"]
[Site "?"]
[Date "1993.??.??"]
[Round "?"]
[White "Johnson, Henry"]
[Black "Berry, M."]
[Result "1-0"]
[WhiteElo "1800"]
[BlackElo "1605"]
[PlyCount "45"]
[EventDate "1993.??.??"]

1. d4 e6 2. Nf3 Nf6 3. Bf4 Nc6 4. e3 Bb4+ 5. c3 Ba5 6. Bd3 O-O 7. O-O d6 8. Qc2
e5 9. Bg5 g6 10. d5 Nb8 11. Nbd2 c6 12. Ne4 Qe8 13. Nxf6+ Kh8 14. Nxe8 Rxe8 15.
Bf6+ Kg8 16. c4 Na6 17. a3 Bf5 18. Bxf5 gxf5 19. Qxf5 Rec8 20. Qg5+ Kf8 21.
Qg7+ Ke8 22. Ng5 Kd7 23. Qxf7# 1-0

[Event "Ann Arbor (HVA/1/15)"]
[Site "?"]
[Date "1993.??.??"]
[Round "?"]
[White "Johnson, H."]
[Black "Williams, C."]
[Result "1-0"]
[WhiteElo "1800"]
[BlackElo "1605"]
[PlyCount "55"]
[EventDate "1993.??.??"]

{1/(15)} 1. e4 c5 2. d3 Nc6 3. g3 g6 4. Bg2 Bg7 5. Ne2 Rb8 6. Nbc3 b5 7. O-O b4
8. Nd5 e6 9. Ne3 Nf6 10. Nc4 d5 11. exd5 Nxd5 12. Nf4 Nde7 13. Re1 O-O 14. Rb1
Nd4 15. Be3 Nef5 16. Bd2 Bb7 17. c3 Bxg2 18. Nxg2 Nc6 19. Bf4 Rb7 20. Qf3 Nfe7
21. Bd6 bxc3 22. bxc3 Rxb1 23. Rxb1 Re8 24. Bxc5 Bxc3 25. Nd6 Nd4 26. Qxf7+ Kh8
27. Bxd4+ Bxd4 28. Qxe8+ 1-0